| 000 | 00969nam a22002417a 4500 | ||
|---|---|---|---|
| 999 |
_c1051 _d1051 |
||
| 003 | AR-CdUCM | ||
| 008 | 190226b ||||| |||| 00| 0 spa d | ||
| 020 | _a9786034530805 | ||
| 040 |
_aMUNICIPALIDAD PROVINCIAL DEL CUSCO _cBIBLIOTECA MUNICIPAL DEL CUSCO |
||
| 082 |
_a273.9 / _bA1 |
||
| 100 |
_aAcademia Filosófica de La Plata (Argentina) _94108 |
||
| 245 |
_aLos dogmas de la iglesia católica apostólica romana : _b2.000 años de equivocaciones o mentiras / |
||
| 260 |
_aLima : _bCentro de Producción Editorial e Imprenta de la UNMSM), _c2008. |
||
| 300 |
_a623 paginas ; _b 2 cuadros y/o mapas conceptuales. _c22 cm. |
||
| 505 | _aInterpretaciones sobre la persona de Jesús, su supuesta divinidad, anteriores al concilio de nicea -- Concilio universal... | ||
| 650 |
_aDivinidad _94109 |
||
| 650 |
_aSanto _94110 |
||
| 650 |
_aHombre _9838 |
||
| 650 |
_aNeron _94111 |
||
| 650 |
_aconfesion _94112 |
||
| 942 |
_2ddc _cLIBROS |
||
| 945 |
_awnts _d2019-02-26 |
||